000 00310nam a22001337a 4500
999 _c17361
_d17361
003 NUST
005 20190405060319.0
008 150916t xxu||||| |||| 00| 0 eng d
038 _aASAB
082 _a576
100 _aRajiv Tyagi
_912791
245 _acomputational genetics
_cby Rajiv Tyagi
942 _2ddc
_cBK